Fyzikálno-chemické vlastnosti oleochemických produktov, ich syntéza a aplikácia
Gespeichert in:
| 1. Verfasser: | |
|---|---|
| Format: | Buch |
| Sprache: | Slowakisch |
| Veröffentlicht: |
Bratislava
Fakulta chemickej a potravinárskej technológie STU
2006
|
| Schlagworte: | |
| Online-Zugang: | Im OPAC anzeigen |
| Tags: |
Keine Tags, Fügen Sie das erste Tag hinzu!
|
MARC
| LEADER | 00000nam a2200000 a 4500 | ||
|---|---|---|---|
| 005 | 20260127134137.0 | ||
| 008 | 080514 2006 xo 000 0 slo d | ||
| 035 | |a vtls009293937 | ||
| 039 | 9 | |a 200805200937 |b mschk02 |y 200805141012 |z mschk02 | |
| 040 | |a STUSCHK1 |b slo |c STUSCHK1 |e AACR2 | ||
| 100 | 1 | |a Kocsisová, Teodóra | |
| 245 | 1 | |a Fyzikálno-chemické vlastnosti oleochemických produktov, ich syntéza a aplikácia |c Teodóra Kocsisová | |
| 260 | |a Bratislava |b Fakulta chemickej a potravinárskej technológie STU |c 2006 | ||
| 300 | |a 116 s. |b Tab.,grafy,lit. |c 30 cm | ||
| 500 | |a Ústav fyzikálnej chémie a chemickej fyziky, Odd. fyzikálnej chémie | ||
| 650 | 0 | |a fatty acid methyl esters - FAME | |
| 650 | 0 | |a alternatívne palivá | |
| 910 | |a SCHK95 | ||
| 999 | |c 5076 |d 5076 | ||